| 000 | 00634nam a2200181 i 4500 | ||
|---|---|---|---|
| 001 | 33078 | ||
| 003 | ES-MaACL | ||
| 005 | 20230906154706.0 | ||
| 007 | t| | ||
| 008 | 030201s1926 sp ||||1| spa d | ||
| 110 | 0 |
_aInstituto General y Técnico de Navarra. _95067 |
|
| 245 | 1 | 0 |
_aMemoria acerca del estado del Instituto General y Técnico de Navarra durante el curso de 1924-1925 / _cJosé Berasain Erro. |
| 260 |
_aPamplona : _bM. Faleés, _c1926. |
||
| 300 |
_a55 p. ; _c21 cm. |
||
| 610 | 2 | 4 |
_aInstituto General y Técnico de Navarra- _vMemorias. _9159286 |
| 700 | 0 |
_aBerasain Erro, José. _927827 |
|
| 852 |
_aES-MaACL _j1704-F-35 |
||
| 999 |
_c33078 _d33078 |
||